| 000 | 00654nam a22002297a 4500 | ||
|---|---|---|---|
| 003 | OSt | ||
| 005 | 20180116183105.0 | ||
| 008 | 170728b xxu||||| |||| 00| 0 eng d | ||
| 020 | _a9789332543195 | ||
| 022 | _a9789332543195 | ||
| 040 | _c0 | ||
| 050 | _a658.4053 | ||
| 082 | _a658.4053 | ||
| 100 | _aCorvette,Barbara A.Budjac | ||
| 245 |
_aConflict Management. _bA Practical Guide to developing negotiation strategies. _cBarbara A.Budjac Corvette. |
||
| 260 |
_aIndia _bPearson. _c2017. |
||
| 300 | _a296p. | ||
| 500 | _aPaper Cover | ||
| 600 | _aCorvette,Barbara A.Budjac | ||
| 700 | _aCorvette,Barbara A.Budjac | ||
| 942 |
_2ddc _cBK _k658.4053 |
||
| 999 |
_c352026 _d352026 |
||